[Event "2025 Spring TNM: 2000+"]
[Site "San Francisco"]
[Date "2025.04.15"]
[Round "7.7"]
[White "Paragiri, Reyansh"]
[Black "Ivanenko, Anthony Vladimir"]
[Result "1/2-1/2"]
[WhiteElo "1978"]
[BlackElo "1901"]
[PlyCount "125"]
[Beauty "5016945434119"]
[GameId "2167480724671798"]
[EventDate "2025.??.??"]

1. e4 e6 2. d4 d5 3. Nd2 c5 4. Ngf3 Nc6 5. c3 cxd4 6. cxd4 dxe4 7. Nxe4 Be7 8. Bd3 Nf6 9. O-O O-O 10. Nxf6+ Bxf6 11. Be3 Nb4 12. Be4 Qe7 13. Re1 Rd8 14. Qb3 Nd5 15. Bd2 b6 16. Bb4 Qxb4 17. Bxd5 Qxb3 18. Bxb3 Bb7 19. Rad1 Bxf3 20. gxf3 Rxd4 21. Rxd4 Bxd4 22. Re2 Kf8 23. Kg2 b5 24. Rd2 Be5 25. Bd1 Rc8 26. b3 Ke7 27. Rc2 Rd8 28. Be2 b4 29. Bc4 Rd4 30. Re2 Bd6 31. h3 Kf6 32. Rc2 Bf4 33. Re2 Rd2 34. Rxd2 Bxd2 35. Kf1 Ke5 36. Ke2 Bg5 37. Kd3 Bh4 38. Ke3 g5 39. Bd3 f5 40. Bc4 h6 41. Ke2 a5 42. Ke3 Kd6 43. Ke2 f4 44. Ba6 Kd5 45. Bc4+ Ke5 46. Ke1 Kd4 47. Bxe6 Kc3 48. Bd7 Kb2 49. Ke2 Kxa2 50. Ba4 Kb2 51. Ke1 Kc3 52. Ke2 Kc2 53. Ke1 Kd3 54. Bb5+ Kd4 55. Ke2 Kc3 56. Ba4 h5 57. Ke1 g4 58. fxg4 hxg4 59. hxg4 f3 60. Kf1 Bg5 61. Kg1 Kd3 62. Kf1 Ke4 63. Bd7 1/2-1/2

[Event "2025 Spring TNM: 2000+"]
[Site "San Francisco"]
[Date "2025.04.15"]
[Round "7.8"]
[White "Mercado, Adam"]
[Black "Zavgorodniy, Andrew"]
[Result "1/2-1/2"]
[WhiteElo "1949"]
[BlackElo "1969"]
[PlyCount "119"]
[Beauty "5159061059081"]
[GameId "2167480724671799"]
[EventDate "2025.??.??"]

1. e4 e6 2. d4 d5 3. Nd2 c5 4. Ngf3 cxd4 5. Nxd4 Nc6 6. Bb5 Bd7 7. Nxc6 bxc6 8. Bd3 Bd6 9. Qg4 Qf6 10. O-O e5 11. Qg3 Ne7 12. Nf3 h6 13. Re1 d4 14. Nxd4 exd4 15. e5 Bxe5 16. Rxe5 Be6 17. Bd2 O-O 18. Rae1 Rfe8 19. b3 Ng6 20. Bxg6 fxg6 21. Qd3 Rad8 22. Qe4 Rf8 23. f3 Bf5 24. Qe2 Kh7 25. Bb4 d3 26. cxd3 Bxd3 27. Qe3 Rf7 28. Be7 Rxe7 29. Rxe7 a5 30. Qe5 Qxe5 31. R1xe5 a4 32. bxa4 Ra8 33. Rc7 Rxa4 34. Ree7 h5 35. Rxg7+ Kh6 36. Rgd7 Bb5 37. g3 Kg5 38. Rd2 Kf5 39. Rf7+ Ke5 40. Kf2 Bc4 41. Re7+ Kf6 42. Re4 Rxa2 43. Rxa2 Bxa2 44. Ke3 Bd5 45. Rf4+ Ke5 46. h4 c5 47. Kd2 Bc6 48. Kc3 Bd5 49. Rf8 Be6 50. Kd3 Bd5 51. f4+ Ke6 52. Re8+ Kd6 53. Re5 Be6 54. Kc3 Bd7 55. Re1 Be6 56. Re4 Bd7 57. Kd2 Be6 58. Ke3 Kd5 59. Ra4 Bf5 60. Ra1 1/2-1/2

[Event "2025 Spring TNM: 2000+"]
[Site "San Francisco"]
[Date "2025.04.15"]
[Round "7.9"]
[White "Cheng, Kar Lun"]
[Black "Walder, Michael"]
[Result "0-1"]
[Annotator "TA 7.0"]
[WhiteElo "1867"]
[BlackElo "1935"]
[PlyCount "98"]
[Beauty "7010191933963"]
[GameId "2167480724671800"]
[EventDate "2025.??.??"]

{[%evp 0,97,24,25,27,59,22,-5,21,29,20,25,34,13,23,28,25,31,19,23,39,38,33,44,60,116,86,128,66,222,64,64,1,11,29,152,9,40,-63,9,11,12,38,-9,11,0,-11,22,-12,14,49,6,11,-27,-13,-39,-59,-54,-76,-125,-185,-70,-195,-162,-162,-148,-134,-113,-197,-144,-161,-197,-184,-201,-220,-244,-283,-407,-414,-448,-423,-381,-406,-395,-435,-505,-401,-200,-423,-369,-441,-181,-449,-192,-411,-502,-294,-545,-542,-643]} 1. e4 c5 2. Nf3 d6 3. d4 cxd4 4. Nxd4 Nf6 5. Nc3 Nc6 6. Be2 g6 7. Be3 Bg7 8. Qd2 O-O 9. O-O-O Ng4 10. Bxg4 Bxg4 11. f3 Be6 $1 12. Nxe6 {B72: Sicilian Dragon: 6 Be3, lines with h3+Bc4 and sidelines.} fxe6 13. Bh6 Qb6 14. Bxg7 {The position is equal.} Kxg7 15. h4 Ne5 16. h5 {[#] Strongly threatening Qg5.} (16. Ne2 {simplifies} Qa6 17. Kb1 Nc4 18. Qc3+) 16... Nc4 17. Qd4+ Qxd4 18. Rxd4 Rac8 {[#]} 19. hxg6 $146 ({Predecessor:} 19. Nd1 Rc5 20. hxg6 hxg6 21. b3 Ne5 22. Kb2 b5 23. c3 a5 24. Ne3 Rfc8 25. Rc1 {0-1 Cieslak,W (1919)-Masalski,P (1619) Wroclaw Anderssen Memorial op-B 2023 (5)}) 19... hxg6 20. Re1 Rc5 21. Re2 Rfc8 {...Nxb2! poses a challenge} 22. Na4 R5c6 23. b3 Na3 24. Rdd2 Nb5 {[%eval -2,40]} (24... b5 $15 {[%eval -48,33]} 25. Nb2 b4) 25. f4 $11 Nc3 $36 {Black fights for an advantage.} 26. Nxc3 Rxc3 {Endgame KRR-KRR} 27. f5 {[%eval -72,37]} gxf5 $17 28. exf5 e5 29. Kb2 $2 {[%eval -253,28]} (29. g4 $17 {[%eval -80,34]}) 29... Kf6 $19 30. g4 Rg3 31. Rg2 Rxg2 32. Rxg2 {KR-KR} Rh8 {Repels Rh2} 33. Re2 d5 {[%eval -156,35]} (33... b6 $19 {[%eval -269,31] And now ...Rh1 would win.} 34. Re4 a5) 34. c4 $2 {[%eval -442,24] This costs White the game.} (34. Rd2 $17 {[%eval -156,35] is a better defense.} e6 35. fxe6) 34... d4 35. Kc2 Rh3 {[#]} 36. Kd2 Rg3 37. Re4 Rg2+ 38. Re2 Rxg4 39. c5 Rg3 40. Rh2 Kxf5 41. Rh7 Ke6 42. Rh8 Kd5 43. Rb8 Rg2+ 44. Kd1 Rxa2 45. Rxb7 Kxc5 46. Rxe7 Kd5 47. b4 e4 48. b5 e3 49. Kc1 Kc4 0-1

[Event "2025 Spring TNM: 2000+"]
[Site "San Francisco"]
[Date "2025.04.15"]
[Round "7.10"]
[White "Winslow, Elliott"]
[Black "Smith, Roger Christopher"]
[Result "1-0"]
[Annotator "Winslow,Elliott"]
[WhiteElo "2222"]
[BlackElo "1872"]
[PlyCount "117"]
[Beauty "6462986268757"]
[GameId "2167480724671801"]
[EventDate "2025.??.??"]

1. d4 d5 2. c4 e6 3. Nc3 Nf6 4. cxd5 exd5 5. Bg5 Be7 6. e3 O-O 7. Bd3 h6 8. Bf4 a6 (8... c6) (8... Be6) 9. h3 c5 10. Nf3 {[#]} c4 $6 $146 (10... Nbd7 11. a4 b6 12. O-O Bb7 13. Qc2 Rc8 14. Bf5 cxd4 15. exd4 Ne4 16. Ne5 Nef6 17. Qb3 Nxe5 18. Bxc8 Nf3+ 19. gxf3 Qxc8 20. Kh2 Qf5 21. Ne2 Bc8 22. Rh1 {1-0 (51) Martins,V (2006)-Mendes,D (1987) Brazil 2009}) (10... Nc6 11. Rc1 cxd4 12. exd4 Bd6 13. Bxd6 Qxd6 14. O-O Re8 15. Re1 Bd7 16. Qd2 b5 17. a3 Rxe1+ 18. Rxe1 Re8 19. b4 Rxe1+ 20. Qxe1 Qe6 21. Kf1 Qxe1+ 22. Kxe1 Kf8 23. Kd2 {1-0 (77) Schmied,R (1965)-Moser,M Wattens 1997}) (10... cxd4 11. Nxd4 Bd6 12. Bxd6 Qxd6 13. O-O Nc6 14. Bc2 Be6 15. Qd2 Rac8 16. Rad1 Rfd8 17. f4 Nxd4 18. Qxd4 Rc4 19. Qd2 Qb6 20. Kh2 d4 21. Ne2 Rb4 22. b3 d3 23. Bxd3 Ne4 24. Qe1 a5 25. Nd4 Nc5 26. Bb1 a4 27. a3 Rxb3 28. Nxb3 Rxd1 29. Qxd1 Bxb3 30. Qd4 Qa5 31. Rc1 {1-0 (31) Lorenz,R (2069)-Steffens,K (1916) Germany 2012}) 11. Bc2 b5 12. Ne5 $6 (12. a3) 12... b4 $11 13. Ne2 {[#]} Bb7 $2 (13... a5 $5 14. O-O Ra6 $1) (13... Qb6) (13... Re8) 14. Ng3 $16 {[#]} g5 $2 $18 15. Nh5 $6 (15. Nf5 $5 gxf4 16. Qf3 Bc8 17. Nxh6+ Kg7 18. Qxf4) (15. Bxg5 $5 hxg5 16. Qf3 Bc8 17. h4 g4 18. Qf4 Ne4 19. Nxe4 dxe4 20. Qxe4 f5 21. Qxa8) (15. Qf3 $1 gxf4 (15... b3 16. axb3 Bb4+ 17. Kf1 gxf4 18. Nf5 $1) 16. Qxf4 Ne4 17. h4 $1 Nc6 18. Nf5 $1) 15... gxf4 $2 {The worst of them all.} (15... Nbd7 16. Nxf6+ Nxf6 17. Bh2 $18) 16. Nxf6+ Bxf6 17. Qg4+ Bg5 18. Qf5 Kg7 19. h4 fxe3 20. Qh7+ Kf6 21. hxg5+ Ke7 22. Rxh6 {[#]} (22. Qg7 $1) 22... Nd7 23. Ng6+ (23. Qg7 $1 Qc7 24. Bf5) 23... Ke8 24. Nxf8 Nxf8 (24... Kxf8) 25. Qg7 $6 (25. Ba4+ Ke7 26. Qf5 {mate in 10 or less}) 25... Qe7 26. Ba4+ {Best, but so much better last move!} Kd8 27. fxe3 (27. Rf6 $1) 27... Kc7 {[#]} 28. Rf6 $4 {I thought I was avoiding a perpetual -- I wasn't.} (28. Qf6) (28. Ke2) (28. Kf2) (28. O-O-O) (28. Kf1 $1 {even}) 28... Qxe3+ 29. Kf1 Qd3+ 30. Kg1 Qxd4+ 31. Kf1 Qd3+ 32. Kf2 Qd4+ 33. Kg3 Qe5+ 34. Kh3 $5 Bc8+ $8 35. g4 $8 Qe3+ $8 36. Kg2 (36. Kh4 $4 Ng6+ 37. Rxg6 Qf4 $1 $19) (36. Kh2 $11) 36... Qe2+ 37. Rf2 $2 (37. Kh1 $11) 37... Qxg4+ 38. Kf1 Qh3+ {[#]} 39. Ke1 $4 (39. Kg1 Qg3+ 40. Rg2 Qe3+ 41. Kh1 Be6 $15) 39... Qe3+ $8 $19 40. Re2 Qg3+ $8 41. Kd2 Qf4+ 42. Ke1 Ne6 $1 {among others} 43. Qe5+ (43. Qh6) 43... Qxe5 44. Rxe5 Bb7 $2 $17 (44... Nc5 45. Bc2 Be6 46. g6 fxg6 $19) (44... Kd6 45. Rf5 Nc5 46. Rf6+ Be6 47. Bd1 Ke5 $19) 45. Kd2 (45. Rf5 Rg8 46. Rxf7+ Kb8 47. Rd1 Rxg5 48. Bc2 Nc5 $15) 45... Rg8 46. Rg1 Kd6 47. Rf5 $8 Rg7 48. Be8 $6 (48. Bc2 $15) 48... Ke7 49. Ba4 {[#]} Nd4 $2 (49... d4 $17) 50. Rf4 $2 (50. Re1+ $8 $11 Ne6 (50... Kd6 $2 51. Rf6+ Ne6 52. Be8 Bc8 53. Bxf7 $18) 51. Kc1) 50... Ne6 51. Rf5 (51. Rfg4) 51... d4 $17 52. Rg4 $2 Rh7 $19 53. Bd1 $2 Rh2+ 54. Kc1 c3 $19 (54... Rh1 $1) 55. bxc3 bxc3 56. Re5 {[#]} Rd2 $2 $11 (56... d3 $8 $19) 57. Bb3 Kd6 $2 {[#]} (57... d3 58. Re3 Bd5 $1 59. Bxd5 Rc2+ 60. Kd1 (60. Kb1 $6 Rb2+ 61. Ka1 d2 62. Rg1 c2 {[#]} 63. Ree1 $1 $15) 60... Rd2+ $11) (57... Bf3 58. Rg3 Kd6 59. Rxe6+ fxe6 60. Rxf3 Rg2 61. Rf6 $11) 58. Rxe6+ $1 $16 fxe6 59. g6 {Black resigns?} ({Yes White queens. Yes it's queen vs. rook. BUT: it's queen vs. rook plus three pawns. There are mate threats. White has to be very careful as well. It appears that, in fact, it's a "stasis" or a sort of blockade; White can't make progress (nor can Black for that matter). Draw, or should have been.} 59. g6 Bf3 $1 60. g7 $8 Bxg4 61. g8=Q Bf5 $8 62. Qb8+ (62. Qh8 Ke7 $1 $14) 62... Ke7 $1 (62... Kc5 $4 63. Qc7+ Kb5 64. Bc4+ Kb4 (64... Ka4 65. Qc6+ Kb4 66. a3+ $3 Kxa3 67. Qxa6+ Kb4 68. Qb5+ Ka3 69. Qa5#) 65. a3+ $3 Ka4 66. Qc6+ Kxa3 67. Qxa6+ Kb4 68. Qb5+ Ka3 69. Qa5#) 63. Qe5 $1 (63. Qb7+ Kf6 64. Qxa6 $4 Rb2 $19) 63... Kd7 $11 {Running Stockfish 17.1 on some cloud computer, this reduces to 0.00/72 or so.} (63... Rb2 $2 64. Qg7+ Kd6 65. Qxd4+) 64. a4 (64. Bd1) 64... a5 65. Bd1) 1-0

[Event "2025 Spring TNM: 1600-1999"]
[Site "San Francisco"]
[Date "2025.04.15"]
[Round "7.5"]
[White "Dutter, Frederic"]
[Black "Cawthon, Jeremy David"]
[Result "0-1"]
[Annotator "TA"]
[WhiteElo "1900"]
[BlackElo "1970"]
[PlyCount "54"]
[Beauty "8246739874312"]
[GameId "2167480724671802"]
[EventDate "2025.??.??"]

{[%evp 9,54,25,24,30,38,25,44,44,64,57,230,63,270,89,198,60,170,50,62,59,113,100,141,126,129,-3,0,6,0,-48,-49,-47,-49,-51,-50,-120,-116,-121,-123,-125,-120,-273,-266,-294,-266,-528,-486]} 1. e4 {[%emt 0:00:03]} c6 {[%emt 0:00:01]} 2. d4 {[%emt 0:00:26]} d5 {[%emt 0:00:03]} 3. e5 {[%emt 0:00:05]} c5 {[%emt 0:00:03]} 4. dxc5 {[%emt 0:00:03]} e6 {[%emt 0:00:05]} 5. a3 {[%emt 0:00:28]} Bxc5 {[%emt 0:00:18]} 6. b4 {[%emt 0:00:32] B12: Caro-Kann: Advance Variation.} (6. Nf3 f6 7. b4 Be7 8. Bb2 a5 9. b5 Nd7 10. Bd3 Nh6 $1 11. Qe2 O-O $1 12. c4 Nf7 13. cxd5 Ndxe5 14. Nxe5 Nxe5 15. Bxe5 fxe5 16. Nc3 {[%eval -50,33] [%wdl 1,925,74]} (16. d6 $1 $11 {[%eval 0,28] [%wdl 7,987,6]} Qxd6 17. O-O) 16... exd5 $15 17. Nxd5 {[%cal Oe1g1]} Bc5 $1 18. O-O {[%cal Oa1c1]} Be6 $1 19. Ne3 {[%cal Od3h7]} Bd4 {[%eval 0,50] [%wdl 5,990,5]} (19... Kh8 $1 $15 {[%eval -63,29] [%wdl 0,870,130]}) 20. Qh5 $11 g6 21. Bxg6 $1 {[%csl Gg6][%cal Rh5h7]} Qe7 {[%cal Od4a1]} 22. Be4 Rf4 23. Bd5 Raf8 {[%cal Og8h8]} 24. Rae1 Kh8 25. g3 R4f6 26. Bxe6 Qxe6 27. Re2 b6 28. Nc2 Bb2 {[%eval 136,29] [%wdl 879,121,0]} (28... Bc5 $1 $11 {[%eval 23,31] [%wdl 14,985,1] remains equal.}) 29. Qh4 {[%eval 58,29] [%wdl 87,913,0]} (29. Rd1 $16 {[%eval 136,29] [%wdl 879,121,0]}) 29... Qd5 $2 {[%eval 216,26] [%wdl 998,2,0] Repels Nd4} (29... Qb3 $14 {[%eval 58,29] [%wdl 87,913,0]}) 30. a4 $18 Rf4 31. Qh6 $2 {[%eval 10,29] [%wdl 7,991,2]} (31. Qh5 $1 $18 {[%eval 191,27] [%wdl 994,6,0]} Qb7 32. Rxe5 Bxe5 33. Qxe5+ R4f6 34. Ne3) 31... Qc4 $1 $11 32. Qh5 (32. gxf4 $5 Rg8+ $8 33. Kh1 Qxe2 34. Qf6+ Rg7 35. Qf8+ Rg8 36. Qf6+ $11) 32... R8f5 33. Ne3 Rxh5 34. Nxc4 Rxc4 35. Rxb2 Rxa4 {Erigaisi,A (2797)-Andreikin,D (2729) Vrnjacka Banja 2024 1-0}) 6... Bb6 {[%emt 0:00:31]} 7. Bb2 {[%emt 0:00:13] Qg4 is in the air} Ne7 {[%emt 0:00:12]} 8. Nf3 {[%emt 0:00:23] White is slightly better.} O-O {[%emt 0:00:35]} 9. Bd3 {[%emt 0:00:02][%cal Od3h7] [#]} Qc7 $146 {[%eval 230,27] [%wdl 993,7,0] [%emt 0:00:56]} (9... Ng6 {[%eval 99,24] [%wdl 489,510,1] 9...Nbc6 0.54} 10. h4 $1 h6 11. h5 $1 Ne7 {[%eval 192,22] [%wdl 969,31,0]} (11... Nf4 $16 {[%eval 141,25] [%wdl 824,176,0]}) 12. Nbd2 {[%eval 102,28] [%wdl 519,480,1]} (12. g4 $1 $18 {[%eval 192,22] [%wdl 969,31,0]}) 12... a5 13. O-O axb4 14. axb4 Rxa1 15. Qxa1 Nbc6 {[%eval 167,24] [%wdl 963,37,0]} (15... Nd7 $14 {[%eval 65,29] [%wdl 156,844,0]}) 16. Qa3 {[%eval 109,27] [%wdl 608,392,0]} (16. Qa4 $18 {[%eval 167,24] [%wdl 963,37,0]}) 16... Bd7 {[%eval 216,26] [%wdl 997,3,0]} (16... Nf5 $16 {[%eval 109,27] [%wdl 608,392,0]}) 17. c4 $2 {[%eval 7,26] [%wdl 11,984,5]} (17. b5 $18 {[%eval 216,26] [%wdl 997,3,0]}) 17... dxc4 $11 18. Nxc4 {Strongly threatening b5.} Nd5 19. Bb1 {[%eval -32,27] [%wdl 1,967,32]} (19. b5 $11 {[%eval 6,29] [%wdl 9,986,5]} Ncb4 20. Nxb6 Qxb6 21. Bd4) 19... Ncxb4 $15 20. Nxb6 {[%eval -76,28] [%wdl 0,779,221]} (20. Rd1 $11 {[%eval -30,32] [%wdl 1,972,27]}) 20... Qxb6 $17 21. Qb3 Rc8 {Prevents Qc4} 22. Bd4 {[%eval -176,23] [%wdl 0,15,985]} (22. Nd4 $17 {[%eval -104,29] [%wdl 0,446,554]}) 22... Qa6 $19 23. Qb2 {[%eval -292,25] [%wdl 0,0,1000]} (23. Be4 $142 {[%eval -174,25] [%wdl 0,17,983]}) 23... Bb5 $19 24. Rc1 Rxc1+ 25. Qxc1 Qc6 26. Qa3 Ba6 27. Be4 Qc4 {and ...Qe2 should not be overlooked} 28. Qa5 $2 {[%eval -673,24] [%wdl 0,0,1000]} (28. Kh2 $17 {[%eval -153,27] [%wdl 0,44,956]}) 28... Qc1+ $19 29. Kh2 {[%cal Ra5d8]} Qf4+ 30. Kg1 {[%cal Ra5d8]} Qxe4 31. Qd8+ Kh7 {0-1 (31) Nasuta,G (2579)-Socko,B (2538) Warsaw 2023}) (9... Nbc6 $14 {[%eval 57,27] [%wdl 167,830,3]}) (9... Ng6 10. h4 h6 11. h5 Ne7 12. Nbd2 a5 13. O-O axb4 14. axb4 Rxa1 15. Qxa1 Nbc6 {0-1 (31) Nasuta,G (2579)-Socko,B (2538) Warsaw 2023}) 10. O-O $2 {[%eval 63,28] [%wdl 201,797,2] [%emt 0:04:34]} (10. c4 $1 $18 {[%eval 230,27] [%wdl 993,7,0][%cal Rc4c5]}) 10... Bd7 $2 {[%eval 270,22] [%wdl 998,2,0] [%emt 0:02:25]} (10... Ng6 $1 $14 {[%eval 63,28] [%wdl 201,797,2]}) 11. Re1 $2 {[%eval 89,30] [%wdl 399,600,1] [%emt 0:35:01]} (11. c4 $1 $18 {[%eval 270,22] [%wdl 998,2,0] and the rest is easy.}) 11... Rc8 {[%eval 198,21] [%wdl 975,25,0] [%emt 0:01:32]} (11... Ng6 $16 {[%eval 89,30] [%wdl 399,600,1]}) 12. Nc3 {[%eval 60,29] [%wdl 181,817,2] [%emt 0:00:47]} (12. c4 $1 $18 {[%eval 198,21] [%wdl 975,25,0][%cal Rc4c5]}) 12... Ng6 {[%eval 170,23] [%wdl 933,67,0] [%emt 0:01:08]} (12... h6 $1 $14 {[%eval 60,29] [%wdl 181,817,2]}) 13. Qd2 {[%eval 50,33] [%wdl 132,864,4] [%emt 0:04:40]} (13. Ng5 $1 $18 {[%eval 170,23] [%wdl 933,67,0]}) 13... Qd8 $14 {[%emt 0:34:07]} 14. g3 {[%emt 0:16:20]} Nc6 {[%eval 113,25] [%wdl 616,384,0] [%emt 0:29:42]} ({Better is} 14... a5 $14 {[%eval 59,29] [%wdl 179,818,3]}) 15. h4 $16 Nd4 {[%eval 141,32] [%wdl 825,175,0] [%emt 0:08:10]} (15... d4 $142 {[%eval 100,28] [%wdl 501,498,1]}) 16. Nxd4 {[%emt 0:02:37]} Bxd4 {[%emt 0:00:03] [#]} 17. Nd1 {[%eval -3,29] [%wdl 11,974,15] [%emt 0:00:45]} (17. Bxg6 $1 $16 {[%eval 129,34] [%wdl 779,221,0]} Bxc3 18. Bxh7+ Kxh7 19. Bxc3) 17... Bxb2 $11 {[%emt 0:02:05]} 18. Nxb2 {[%emt 0:00:04]} Qc7 $36 {[%emt 0:12:20][%mdl 2048] Black fights for an advantage.} 19. f4 {[%eval -48,27] [%wdl 1,926,73] [%emt 0:01:42] [#]} (19. Bxg6 $11 {[%eval 0,30] [%wdl 7,985,8]} hxg6 20. c4) 19... Bb5 $1 $15 {[%emt 0:03:36][%mdl 64] Decoy} 20. Bxb5 {[%emt 0:02:55]} Qb6+ {[%emt 0:00:15]} 21. Kh2 {[%emt 0:02:04]} Qxb5 {[%emt 0:00:09]} 22. a4 {[%eval -120,26] [%wdl 0,259,741] [%emt 0:00:39]} ({White should try} 22. Rac1 $15 {[%eval -50,30] [%wdl 0,936,64]}) 22... Qc6 $17 {[%emt 0:00:24]} 23. Rac1 {[%emt 0:00:41] [#]} Qc3 $1 {[%emt 0:00:44]} 24. Qxc3 {[%emt 0:00:26]} Rxc3 {[%emt 0:00:02]} 25. Re2 $2 {[%eval -273,25] [%wdl 0,0,1000] [%emt 0:01:09]} (25. Nd1 $17 {[%eval -120,27] [%wdl 0,243,757]} Ra3 26. a5) 25... Rac8 $19 {[%emt 0:00:26]} 26. a5 {[%emt 0:02:38]} Ne7 {[%emt 0:01:13]} 27. Nd3 $2 {[%eval -528,24] [%wdl 0,0,1000] [%emt 0:04:18] [#]} (27. h5 {[%eval -266,26] [%wdl 0,0,1000] might work better.}) {What a bad dream for White.   Weighted Error Value: White=0.64/Black=0.46} 27... Rxd3 $1 {[%emt 0:00:31][%mdl 576] Pin, Remove Defender} 0-1

[Event "2025 Spring TNM: 1600-1999"]
[Site "San Francisco"]
[Date "2025.04.15"]
[Round "7.12"]
[White "Boyer, John"]
[Black "Babayan, Gagik"]
[Result "0-1"]
[Annotator "Winslow,Elliott"]
[WhiteElo "1598"]
[BlackElo "1711"]
[PlyCount "152"]
[Beauty "5502947824208"]
[GameId "2167436352383914"]
[EventDate "2025.??.??"]

{[%evp 0,152,18,7,3,24,22,-30,9,33,31,27,32,18,13,9,28,37,31,25,12,11,-42,0,30,34,148,120,118,120,178,120,153,168,68,134,164,127,36,151,156,167,26,160,236,245,185,133,217,159,134,101,56,99,104,94,169,172,182,165,193,198,198,185,46,164,112,179,222,232,244,246,242,48,253,199,194,193,137,207,124,180,251,128,239,30,-1,36,30,-99,-100,-82,0,-60,-47,-32,-57,-119,-244,-144,-53,-119,1,-58,-77,-75,-85,-82,-62,-81,-102,-99,-81,-112,-116,-151,-139,-123,-205,-110,-183,-259,-164,-141,-161,-140,-136,-182,-124,-132,-1,-9,-1,1,1,-62,-37,-125,-17,-30,-43,-217,-30,-31,-17,-56,-75,-75,-23,-34,-26,-26,-1,-1012,-1013]} 1. e4 c5 2. Nf3 Nc6 3. d4 cxd4 4. Nxd4 Nf6 5. Nc3 d6 6. Be2 e5 7. Nb3 a6 8. Be3 Be7 9. O-O O-O 10. Qd2 Be6 11. Rad1 b5 12. f3 Na5 13. Nxa5 Qxa5 14. Nd5 $1 {[#]} Nxd5 $5 15. Qxa5 Nxe3 16. Qc7 (16. Rd3 Nxf1 17. Kxf1 $18) 16... Rfe8 17. Qa5 $6 Nxc2 $6 18. Rc1 $6 (18. Qd2 Nd4 19. b3 $16) 18... Nd4 19. Bd3 Bd8 20. Qa3 d5 21. Qd6 Be7 22. Qxe5 Bf6 23. Qf4 dxe4 24. fxe4 Bxa2 25. Rfe1 Be5 26. Qh4 Ne6 27. Ra1 Bc4 28. Bxc4 bxc4 29. Ra4 c3 30. bxc3 Bxc3 31. Rd1 a5 32. Qh5 Red8 33. Rf1 f6 34. Qf5 Nd4 35. Qg4 Rab8 36. Rc4 Nb5 37. Qe6+ Kh8 38. Rb1 Bb4 39. Rbc1 Nd4 40. Qg4 Bf8 41. Rc7 Re8 {[#]} 42. Rc8 $4 Ne2+ $1 $14 43. Qxe2 Rbxc8 44. Rf1 $2 (44. Rxc8 Rxc8 45. Qb5 $11) 44... Bc5+ $17 45. Kh1 Bd4 46. h4 Rb8 47. h5 h6 48. Qd2 Rxe4 49. g3 Rb5 50. Rc1 Rxh5+ 51. Kg2 Rhe5 52. Rc8+ Kh7 53. Qd3 f5 54. Qc4 Re2+ 55. Kh3 R5e4 56. Qg8+ Kg6 57. Rc6+ Bf6 58. Rc7 R2e3 59. Qf7+ Kg5 60. Rc6 f4 61. Rc5+ Re5 62. Rxe5+ Bxe5 63. Qe7+ Bf6 64. Qc5+ Kg6 65. Kg4 Rxg3+ 66. Kxf4 Rc3 67. Qxa5 Rc4+ 68. Kg3 Rc3+ 69. Kg4 Rc4+ 70. Kg3 h5 71. Qb5 Rc3+ 72. Kf4 Kh6 73. Qe8 Rc4+ 74. Kf5 Rc5+ 75. Kf4 g5+ $11 {[#]} 76. Ke4 $4 Re5+ 0-1

[Event "2025 Spring TNM: 1600-1999"]
[Site "San Francisco"]
[Date "2025.04.15"]
[Round "7.13"]
[White "Krishnan, Sreyshthaa"]
[Black "Mays-Smith, Isaac S"]
[Result "1/2-1/2"]
[WhiteElo "1579"]
[BlackElo "1619"]
[PlyCount "65"]
[Beauty "6529558271026"]
[GameId "2167480724725052"]
[EventDate "2025.??.??"]

1. c4 b6 2. Nc3 Bb7 3. d4 e6 4. Bf4 Nf6 5. Nf3 Bb4 6. Qb3 c5 7. a3 Bxc3+ 8. bxc3 d6 9. Rd1 cxd4 10. cxd4 O-O 11. g3 Qe7 12. Bg2 Nc6 13. O-O Rac8 14. c5 Na5 15. Qb2 Ne4 16. Ne1 Nc4 17. Qa2 Nc3 18. Qxc4 Nxd1 19. Qb3 Bxg2 20. Nxg2 Nxf2 21. Rxf2 dxc5 22. dxc5 Rxc5 23. Be3 Rc7 24. Nf4 Rfc8 25. Qb5 Rc3 26. Bd4 Rc1+ 27. Kg2 Qd6 28. Bxg7 Kxg7 29. Qg5+ Kh8 30. Qf6+ Kg8 31. Qg5+ Kh8 32. Qf6+ Kg8 33. Qg5+ 1/2-1/2

[Event "2025 Spring TNM: 1600-1999"]
[Site "San Francisco"]
[Date "2025.04.15"]
[Round "7.14"]
[White "Morello, Nicholas"]
[Black "Parsons, Stephen"]
[Result "1/2-1/2"]
[WhiteElo "1655"]
[BlackElo "1876"]
[PlyCount "125"]
[Beauty "5018266695176"]
[GameId "2167480724725053"]
[EventDate "2025.??.??"]

1. d4 Nf6 2. Bf4 d6 3. e3 Nbd7 4. Nf3 g6 5. h3 Bg7 6. Nbd2 O-O 7. Be2 Re8 8. c3 e5 9. dxe5 dxe5 10. Bg5 e4 11. Nd4 a6 12. Qc2 c5 13. N4b3 b5 14. Nxe4 c4 15. Nd4 Qb6 16. Nxf6+ Nxf6 17. Bxf6 Bxf6 18. O-O Bb7 19. Bf3 Re5 20. Qe2 Be4 21. Bxe4 Rxe4 22. Qf3 Rae8 23. Rad1 Be5 24. Kh1 Bb8 25. Ne2 Qc7 26. Ng3 h5 27. Rd7 Qxd7 28. Nxe4 Be5 29. Rd1 Qe7 30. Rd5 Rc8 31. Nd2 Rd8 32. Qe4 Rxd5 33. Qxd5 Qd6 34. Qxd6 Bxd6 35. Kg1 Kg7 36. Kf1 f5 37. Ke2 a5 38. a4 bxa4 39. Nxc4 Bc7 40. Kd3 g5 41. f3 Kf6 42. g4 hxg4 43. hxg4 fxg4 44. fxg4 Ke6 45. Kd4 Bd8 46. Kc5 Bc7 47. Kb5 Kd5 48. Nxa5 Ke4 49. Nc6 Kxe3 50. Nd4 Be5 51. Kxa4 Kf4 52. Ne6+ Kxg4 53. Kb4 Kf5 54. Nxg5 Kxg5 55. b3 Kf6 56. c4 Ke7 57. Kb5 Kd7 58. Kb6 Bc3 59. c5 Kc8 60. c6 Bd4+ 61. Kb5 Kc7 62. Kc4 Bf2 63. Kd5 1/2-1/2